Wooh (Record no. 187097)

MARC details
000 -LEADER
campo de control de longitud fija 00665nam a2200217 i 4500
001 - NÚMERO DE CONTROL
campo de control 187097
003 - IDENTIFICADOR DE NÚMERO DE CONTROL
campo de control ES-MaACL
005 - FECHA Y HORA DE LA ÚLTIMA TRANSACCIÓN
campo de control 20230906222821.0
008 - DATOS DE LONGITUD FIJA--INFORMACIÓN GENERAL
campo de control de longitud fija 170412s1993 mx a |||| |dspa d
020 ## - NÚMERO INTERNACIONAL ESTÁNDAR DEL LIBRO
Número Internacional Estándar del Libro 970-91170-0-9
080 ## - NÚMERO DE LA CLASIFICACIÓN DECIMAL UNIVERSAL
Número de la Clasificación Decimal Universal 091(=1:721/727-81
080 ## - NÚMERO DE LA CLASIFICACIÓN DECIMAL UNIVERSAL
Número de la Clasificación Decimal Universal 003.321
100 1# - ENTRADA PRINCIPAL--NOMBRE DE PERSONA
Nombre de persona Hasselkus, Hans.
9 (RLIN) 162379
245 10 - MENCIÓN DEL TÍTULO
Título Wooh
Resto del título : introducción al conocimiento de los códices mayas /
Mención de responsabilidad, etc. Hans Hasselkus.
250 ## - MENCION DE EDICION
Mención de edición 1ª ed.
260 ## - PUBLICACIÓN, DISTRIBUCIÓN, ETC.
Lugar de publicación, distribución, etc. México :
Nombre del editor, distribuidor, etc. [H. Hasselkus],
Fecha de publicación, distribución, etc. 1993 (
Fabricante Imp. Catalonia)
300 ## - DESCRIPCIÓN FÍSICA
Extensión 209, 39 p. :
Otras características físicas il. ;
Dimensiones 23 cm.
650 ## - PUNTO DE ACCESO ADICIONAL DE MATERIA--TÉRMINO DE MATERIA
Término de materia o nombre geográfico como elemento de entrada Manuscritos mexicanos.
9 (RLIN) 14762
650 #4 - PUNTO DE ACCESO ADICIONAL DE MATERIA--TÉRMINO DE MATERIA
Término de materia o nombre geográfico como elemento de entrada Escritura maya.
9 (RLIN) 155487
852 ## - LOCALIZACIÓN
Ubicación ES-MaACL
Número de control de estantería L-31420
Holdings
Estatus retirado Estado de pérdida Estado de daño No para préstamo Biblioteca de origen Biblioteca actual Ubicación en estantería Fecha de adquisición Fuente de adquisición Total de préstamos Signatura topográfica completa Código de barras Visto por última vez Precio de reemplazo Tipo de ítem Koha
        Biblioteca del Ateneo de Madrid Biblioteca del Ateneo de Madrid Depósito 2 12/04/2017     L-31420 1197385 23/02/2023 23/02/2023 Libro impreso